超人大頭貼
| 資料類型: | 圖書 | 書目號: | 35556 |
Leader xxxxxxxxxx 001 __ PCLIS00035556 005 __ 20220211171011.0 010 0_ |a957-13-4336-6|b平裝|dNT$230 100 __ |a20051007d2005 m y0chiy09 e 101 0_ |achi 102 __ |atw 105 __ |aa z 000cy 200 1_ |a超人大頭貼|f火星爺爺文.圖 205 __ |a初版 210 __ |a臺北市|c時報文化|d2005[民94] 215 0_ |a152, [1]面|c彩圖|d21公分 225 1_ |a作家作品集系列|v35 300 __ |a著者本名為許榮宏 300 __ |a作者號由t038取自"火星爺爺"四角號碼,由t561改取自作者本名 681 __ |a855|b8462 681 __ |a855|b9688 88 700 _0 |a火星爺爺|f1966- |4作 770 _1 |a許|b榮宏|f1966- |4作 801 _0 |atw|b內湖高中|c20051007|gCCR |